Planned sheep production / (Record no. 15865)
[ view plain ]
| 000 -LEADER | |
|---|---|
| fixed length control field | 00410nam a2200157 a 4500 |
| 020 ## - INTERNATIONAL STANDARD BOOK NUMBER | |
| ISBN | 0003830330 (pbk) : |
| 040 ## - CATALOGING SOURCE | |
| Transcribing agency | UKM |
| 082 ## - DEWEY DECIMAL CLASSIFICATION NUMBER | |
| Classification number | 636 COL 1985 A056 Or. |
| 100 1# - MAIN ENTRY--AUTHOR NAME | |
| Personal name | Croston, David |
| 245 10 - TITLE STATEMENT | |
| Title | Planned sheep production / |
| 260 ## - PUBLICATION, DISTRIBUTION, ETC. (IMPRINT) | |
| Place of publication | London : |
| Name of publisher | Collins Professional and Technical, |
| Year of publication | 1985 |
| 300 ## - PHYSICAL DESCRIPTION | |
| Number of Pages | vii, 211 p. : |
| Other physical details | ill. ; |
| Dimensions | 24 cm |
| 650 #0 - SUBJECT ADDED ENTRY--TOPICAL TERM | |
| Topical Term | Sheep |
| 700 10 - ADDED ENTRY--PERSONAL NAME | |
| Personal name | Pollott, Geoffrey |
| 942 ## - ADDED ENTRY ELEMENTS (KOHA) | |
| Koha item type | សៀវភៅភាសាអង់គ្លេស |
| 952 ## - LOCATION AND ITEM INFORMATION (KOHA) | |
| Withdrawn status [LOCAL, KOHA] | 0 |
| Permanent Location | Date acquired | Koha item type | Lost status | Shelving location | Barcode | Current Location | Full call number |
|---|---|---|---|---|---|---|---|
| Library Block A | 2017-12-13 | សៀវភៅភាសាអង់គ្លេស | A056 | A12073 | Library Block A | 636 COL 1985 A056 Or. |